BIBLIOTHÈQUE DE LA MAISON DU MEXIQUE

Logo 1 Logo 2

Manual de zoología fantástica (notice nᵒ 12415)

détails MARC
000 -Sello discográfico
campo de control de longitud fija 00950nam a2200301 4500
005 - Identificación de versión
campo de control 20251016082403.0
035 ## - Otros números de control del sistema
Número de control del sistema 8432
099 ## - fechas locales
Tipo de ítem Koha LIBRO
100 ## - Datos de procesamiento general
Datos de procesamiento general 19930801d19711957m y1spay5003 ba
105 ## - Campo de datos codificados: Material textual, monográfico
Datos codificados de monografía a 001zy
200 1# - Título y mención de responsabilidad
Título propio Manual de zoología fantástica
Designación general del material texto impreso
Primer mención de responsabilidad Jorge Luis Borges, Margarita Guerrero
205 ## - Declaración de edición
Declaración de edición 2a reimpr de la 1a ed
210 ## - Publicación, distribución, etc.
Lugar de publicación, distribución, etc. México
Nombre del editor, distribuidor, etc. Fondo de Cultura Económica
Fecha de publicación, distribución, etc. 1971
215 ## - Descripción física
Designación de material específico y extensión del ítem 159 p
Otras características físicas il.
Dimensiones 17 cm
345 ## - Nota de información de adquisición
Fuente de adquisición/dirección de la suscripción [OBSOLETO] Donación
410 #1 - Series
Título Breviarios del Fondo de Cultura Económica
Número de volumen 125
606 ## - Término temático usado como materia
Elemento de entrada Animales en la literatura
Número Koha 18688
606 ## - Término temático usado como materia
Elemento de entrada Animales míticos
Número Koha 19099
660 ## - Código de área geográfica
Código MX
700 ## - Nombre personal - Responsabilidad primaria
Elemento de entrada Borges
Parte del nombre distinta del elemento de entrada Jorge Luis
Fechas 1899-1986
Número Koha 1981
701 ## - Nombre personal - Responsabilidad alternativa
Elemento de entrada Guerrero
Parte del nombre distinta del elemento de entrada Margarita
Número Koha 19100
900 ## -
-- 1/9250
900 ## -
-- 710934910\\010893
942 ## - ELEMENTOS DE ENTRADA SECUNDARIOS (KOHA)
Tipo de ítem Koha Livre
996 ## -
-- MEX
-- 751145101
-- MMAG
-- 004603
-- 082.1 B846 V.125
-- 20210218LIV
Exemplaires
Estatus retirado Estado de daño Estado de pérdida Fecha de adquisición Biblioteca de origen Biblioteca actual Ubicación en estantería Código de barras Precio de reemplazo Signatura topográfica completa No para préstamo Tipo de ítem Koha Nota pública Nota no pública
      05/08/2025 Casa México Paris Casa México Paris   004603 05/08/2025 082.1 B846 V.125   Livre 20210218LIV 751145101